|
|
|
|
| LEADER |
00000nam a2200000 a 4500 |
| 001 |
vtls001336953 |
| 003 |
SK-MaSNL |
| 005 |
20260301235824.0 |
| 008 |
240314sm y0 xo r 0 slo |
| 035 |
|
|
|a SNK000289944
|
| 040 |
|
|
|a SNK
|b slo
|c SNK
|e AACR2
|
| 044 |
|
|
|a xo
|c SK
|
| 100 |
1 |
|
|a Miklánková, Miroslava
|4 aut
|9 633570
|
| 245 |
1 |
0 |
|a Súčasný stav automatizácie knižníc v Československej socialistickej republike
|b diplomová práca
|
| 260 |
|
|
|a Bratislava
|b Filozofická fakulta Univerzity Komenského, Katedra knihovedy a vedeckých informácií
|c 1981
|
| 300 |
|
|
|a 76 s.
|
| 999 |
|
|
|c 976785
|d 978715
|
| 952 |
|
|
|t P60, <03>, [BOOK], {603}
|a SNK
|b SNK
|y PREZ
|7 0
|p 17A0070347
|o snkDIP 327
|i snkF 1375/2002
|0 0
|1 0
|4 0
|d 2002-10-21
|l 0
|r 2005-01-02 00:00:00
|w 2026-02-24
|